LEADER 01456nam0 22003853i 450 001 SBL0516238 005 20251003044356.0 020 $aIT$b601657 100 $a20001215d1960 ||||0itac50 ba 101 | $aita$cita 102 $ait 181 1$6z01$ai $bxxxe 182 1$6z01$an 183 1$6z01$anc$2RDAcarrier 200 1 $aDestino dell'Occidente$fMario Vinciguerra 210 $aBologna$cL. Cappelli$dstampa 1960 215 $aXII, 405 p.$d21 cm 500 10$aDestino dell'Occidente$3IEI0709748$9RAVV035262$967679 606 $aCiviltà occidentale$xStoria$2FIR$3SBLC097692$9I 620 $aIT$dBologna$3MUSL000422 620 $aIT$dBologna$3MUSL000422 676 $a901.9$9Civiltà$v21 676 $a940$9STORIA GENERALE DELL'EUROPA$v20 700 1$aVinciguerra$b, Mario$f <1887-1972>$3RAVV035262$4070$0169128 790 1$aFaria$b, A. E.$3NAPV202621$zVinciguerra, Mario <1887-1972> 801 3$aIT$bIT-000000$c20001215 850 $aIT-BN0095 $aIT-NA0581 $aIT-AV0045 901 $bNAP 01$cV $n$ 901 $bNAP MV$cH $nARTE E STORIA 901 $bNAP FC$cCONTINUAZ.$n$ 912 $aSBL0516238 950 0$aBiblioteca Centralizzata di Ateneo$c1 v.$d 01V (S) 1 056$e 01S 0090010565 VMA 1 v.$fY $h20140612$i20140612 977 $a 01$a FC$a MV 996 $aDestino dell'Occidente$967679 997 $aUNISANNIO